| 000 | 01581cam a22003131i 4500 | ||
|---|---|---|---|
| 003 | SA-RiAUC | ||
| 005 | 20250420083146.0 | ||
| 008 | 250119s1998____le g 00000 ara c | ||
| 040 |
_aSA-JeALM _bara _cSA-RiAUC _erda |
||
| 043 | _aa-su--- | ||
| 082 | 0 | 4 |
_a953.122 _qSA-RiAUC |
| 090 |
_a953.122 _b ك ع ك |
||
| 100 | 1 |
_aكعكي، عبد العزيز عبد الرحمن إبراهيم _eمؤلف. |
|
| 245 | 1 | 0 |
_aمعالم المدينة المنورة بين العمارة والتاريخ / _cعبد العزيز بن عبد الرحمن بن إبراهيم الكعكي ؛ مراجعة عبيد الله محمد أمين كردي. |
| 250 | _aالطبعة الأولى. | ||
| 264 | 1 |
_a[مكان النشر غير محدد] : _b[الناشر غير محدد]، _c1998 |
|
| 264 | 3 |
_aبيروت : _aالمدينة المنورة : _bمطابع دار إحياء التراث العربي _bالمؤلف _c1998 |
|
| 300 |
_a2مجلد ؛ _c29 سم |
||
| 336 |
_aنص _btxt _2rdacontent _3كتاب |
||
| 337 |
_aبدون وسيط _bn _2rdamedia |
||
| 338 |
_aمجلد _bnc _2rdacarrier |
||
| 505 | 0 | _aالمحتويات : مجلد 1. الجبال- مجلد 2. الحرات والأودية. | |
| 650 | 7 |
_aالعمارة الإسلامية _zالمدينة المنورة _2aucsh |
|
| 651 | 7 |
_aالمدينة المنورة _xتاريخ _2aucsh |
|
| 651 | 7 |
_aالمدينة المنورة _xآثار _2aucsh |
|
| 700 | 1 |
_aكردي، عبيد الله بن محمد أمين، _d1360 هجري- _eمراجع. |
|
| 942 |
_2ddc _cBOOK _n0 |
||
| 949 |
_aSA-JeALM _d250119 _uosman123 _n1 |
||
| 999 |
_c5459 _d5459 |
||